000 00559nam a2200205Ia 4500
003 OSt
005 20241206133703.0
008 210716s1992 xx 000 0 und d
020 _a0312951795
040 _cAIMIT LIBRARY
041 _aeng
082 _a808.83
_21
_bDEUP
100 _aDeutermann, P T.
_9188300
245 _aScorpion in the sea /
_cBy P T Deutermann.
250 _a1st ed.
260 _aNew York :
_bSt Martins Press Inc ;
_c1992.
300 _a582p. ;
_bPB
_c17 cm.
650 _aNovels
_9188301
942 _2ddc
_cBK
_e1st ed.
_k808.83 DEUP
999 _c199909
_d199909